| 000 | 00636nam a22002537a 4500 | ||
|---|---|---|---|
| 999 |
_c315877 _d315877 |
||
| 001 | 29486 | ||
| 003 | UA-OsUOA | ||
| 005 | 20200326214937.0 | ||
| 007 | ta | ||
| 008 | 20041012b un ||||| |||| 00| 0 ukr d | ||
| 020 | _a58684420357 | ||
| 040 |
_aUA-OsUOA _bukr _cUA-OsUOA _dUA-OsUOA |
||
| 041 | _aukr | ||
| 044 | _aUA | ||
| 080 | _a82.09(477) | ||
| 090 |
_a82.09(477) _bС89 |
||
| 100 | _aСупруненко П. | ||
| 245 | _aЛегенди козацького краю | ||
| 260 |
_aЗапоріжжя _bБерегиня _c1995 |
||
| 300 |
_a136 с. _bІлюстрації |
||
| 650 | 7 | _2UDC | |
| 942 |
_cBK _2udc |
||
| 955 | _a0 | ||